|
|
|
|
| LEADER |
01483nam a2200301 a 4500 |
| 001 |
015808727 |
| 003 |
BD-DhAAL |
| 008 |
120531r20111999enka b 001 0 eng d |
| 020 |
|
|
|a 9780335242757 (pbk.)
|
| 020 |
|
|
|a 0335242758 (pbk.)
|
| 040 |
|
|
|a StDuBDS
|b eng
|c StDuBDS
|d Uk
|d BD-DhAAL
|
| 082 |
0 |
4 |
|a 378.125
|2 22
|
| 100 |
1 |
|
|a Biggs, John B.
|q (John Burville)
|9 59461
|
| 245 |
1 |
0 |
|a Teaching for quality learning at university :
|b what the student does /
|c John Biggs, Catherine Tang.
|
| 250 |
|
|
|a 4th ed.
|
| 260 |
|
|
|a Maidenhead :
|b McGraw-Hill/Society for Research into Higher Education/Open University Press,
|c c2011.
|
| 300 |
|
|
|a xxii, 389 p. :
|b ill. ;
|c 23cm.
|
| 504 |
|
|
|a Includes bibliographical references and index.
|
| 541 |
1 |
|
|e 00025313
|
| 650 |
|
0 |
|a College teaching.
|
| 650 |
|
0 |
|a Learning.
|
| 700 |
|
|
|a Tang, Catherine So-kum.
|9 59462
|
| 710 |
2 |
|
|a Society for Research into Higher Education.
|
| 852 |
1 |
|
|a Ayesha Abed library
|c General Shelf
|
| 942 |
|
|
|2 ddc
|c BK
|
| 999 |
|
|
|c 12311
|d 12311
|
| 952 |
|
|
|0 0
|1 4
|2 ddc
|4 0
|6 378_170000000000000_BIG
|7 0
|9 20357
|a BRACUL
|b BRACUL
|c GEN
|d 2012-05-31
|e Karim International
|g 6080.00
|l 0
|o 378.17 BIG
|p 3010025313
|r 2012-05-31
|t 1
|w 2012-05-31
|y BK
|x Koha Inventory 2020
|
| 952 |
|
|
|0 0
|1 0
|2 ddc
|3 Need to change call number ; After returning the book, please send it to Cataloguing team.
|4 0
|6 378_170000000000000_BIG
|7 0
|9 20358
|a BRACUL
|b BRACUL
|c GEN
|d 2012-05-31
|e Karim International
|l 5
|m 32
|o 378.17 BIG
|p 3010025314
|r 2025-12-13
|s 2025-07-07
|t 2
|w 2012-05-31
|y BK
|